| 000 | 00451nam a2200157Ia 4500 | ||
|---|---|---|---|
| 003 | GCL | ||
| 008 | 140319s9999 xx 000 0 ara d | ||
| 040 |
_aGCL / _cGCL |
||
| 082 | 0 | 4 |
_aد _b050 |
| 100 | 1 | _aمحمد احمد العزب | |
| 245 | 1 | 0 |
_aظواهر التمرد فى الشعر العربى (اقرا 442 ) / _cمحمد احمد العزب |
| 300 | _a190 | ||
| 490 |
_aاقرأ _v0 |
||
| 650 | 0 | 4 | _aالشعر العربى |
| 942 |
_2ddc _cBK |
||
| 999 |
_c48651 _d48651 |
||